000 00707nam a22002057a 4500
003 OSt
005 20221013032440.0
008 161122b xxu||||| |||| 00| 0 eng d
020 _a0321127307 (pbk.)
040 _aMMU
_cMMU
_dMMU
_beng
050 0 0 _aZ250
_b.F44 2003
100 1 _aFelici, James.
245 1 4 _aThe complete manual of typography :
_ba guide to setting perfect type /
_cJames Felici.
260 _aBerkeley, CA :
_bPeachpit Press,
_cc2003.
300 _axx, 360, [1] p. :
_bill. ;
_c26 cm.
500 _aIncludes bibliographical references (p. [361]) and index.
650 0 _aType and type-founding
_vHandbooks, manuals, etc.
650 0 _aGraphic design (Typography)
942 _2lcc
_cLOAN LOAN
999 _c20020
_d20020